| 000 | 01188cam a2200217 4500 | ||
|---|---|---|---|
| 001 | WB3819-16 | ||
| 008 | 020521n2002 000 0 eng u | ||
| 035 | _a(Sirsi) u118073 | ||
| 245 | _aShelter recommends RICS code | ||
| 260 | _c2002 | ||
| 490 |
_aRICS Residential Faculty News _v17 May 2002, (1) |
||
| 520 | _aRICS Residential Property Faculty has achieved success in influencing the Private Rented Sector Commission, brought together by Shelter and the Joseph Rowntree Foundation. The Commissionαs report, "Private renting: a new settlement" recommends a code of management practice to ensure landlords, or their agents, are fit and proper. Shelter and the JRF have recommended the RICS "Rent only residential management code" in particular. Summary of report available at http://www.shelter.org.uk/images/pdfs/PRSmediareport.pdf http://www.rics.org/ricscms/bin/show?class=News&template=/includes/shownews.html&id=2545 | ||
| 590 | _aWB | ||
| 650 | _aPRIVATE RENTED SECTOR | ||
| 650 | _aSHELTER | ||
| 650 | _aJOSEPH ROWNTREE FOUNDATION | ||
| 650 | _aRICS RENT ONLY RESIDENTIAL MANAGEMENT CODE | ||
| 650 | _aRICS | ||
| 690 | _aHOUSING-PRIVATE RENTED SECTOR | ||
| 942 | _n0 | ||
| 999 |
_c70312 _d70312 |
||